00450nam a2200169Ia 4500003000400000005001700004008004100021020001400062040000700076041000800083082002200091100002400113245007300137260004400210300001300254365001300267OSt20230506125042.0210423s2005 xx 000 0 und d a195673999 cAL aeng a547.05 223bBOCM aBOCHMANN (Manfred). aOrganometallics 2: complexes with transition metal-carbon pai-bonds. aNew YorkbOxford University Pressc2005 a89,2bPB b125cINR